It looks like you're offline.
Open Library logo
additional options menu

MARC Record from Scriblio

Record ID marc_records_scriblio_net/part27.dat:163884552:649
Source Scriblio
Download Link /show-records/marc_records_scriblio_net/part27.dat:163884552:649?format=raw

LEADER: 00649cam 2200205 i 4500
001 98180048
003 DLC
005 20000921090519.0
008 980806s1982 ai 000 0darmo
010 $a 98180048
040 $aDLC$cDLC
043 $aa-ai---
050 00 $aPK8506$b.A33 1982
100 1 $aAghababyan, S.$q(Suren)
245 10 $aHodvatsner, dimankarner, husher /$cSuren Aghababian.
246 1 $iTitle in colophon:$aStatʹi, portrety, vospominanii︠a︡
260 $aErevan :$b"Sovetakan Grogh" Hratarakchʻutʻyun,$c1982.
300 $a366 p. ;$c21 cm.
650 0 $aArmenian literature$xHistory and criticism.
650 0 $aAuthors, Armenian$vBiography.